<?xml version="1.0" encoding="UTF-8"?><?xml-stylesheet type="text/xsl" href="static/style.xsl"?><OAI-PMH xmlns="http://www.openarchives.org/OAI/2.0/" xmlns:xsi="http://www.w3.org/2001/XMLSchema-instance" xsi:schemaLocation="http://www.openarchives.org/OAI/2.0/ http://www.openarchives.org/OAI/2.0/OAI-PMH.xsd"><responseDate>2026-04-13T06:42:52Z</responseDate><request verb="GetRecord" identifier="oai:www.recercat.cat:2445/126714" metadataPrefix="marc">https://recercat.cat/oai/request</request><GetRecord><record><header><identifier>oai:recercat.cat:2445/126714</identifier><datestamp>2025-12-05T14:38:11Z</datestamp><setSpec>com_2072_1057</setSpec><setSpec>col_2072_478861</setSpec><setSpec>col_2072_478917</setSpec></header><metadata><record xmlns="http://www.loc.gov/MARC21/slim" xmlns:dcterms="http://purl.org/dc/terms/" xmlns:xsi="http://www.w3.org/2001/XMLSchema-instance" xmlns:doc="http://www.lyncode.com/xoai" xsi:schemaLocation="http://www.loc.gov/MARC21/slim http://www.loc.gov/standards/marcxml/schema/MARC21slim.xsd">
   <leader>00925njm 22002777a 4500</leader>
   <datafield ind2=" " ind1=" " tag="042">
      <subfield code="a">dc</subfield>
   </datafield>
   <datafield ind2=" " ind1=" " tag="720">
      <subfield code="a">Navarri-Ramos, Isabel</subfield>
      <subfield code="e">author</subfield>
   </datafield>
   <datafield ind2=" " ind1=" " tag="720">
      <subfield code="a">Tarrats-Velasco, Laura</subfield>
      <subfield code="e">author</subfield>
   </datafield>
   <datafield ind2=" " ind1=" " tag="720">
      <subfield code="a">Páez-Maldonado, Isabel</subfield>
      <subfield code="e">author</subfield>
   </datafield>
   <datafield ind2=" " ind1=" " tag="720">
      <subfield code="a">Jiménez-Rodríguez, Juan M.</subfield>
      <subfield code="e">author</subfield>
   </datafield>
   <datafield ind2=" " ind1=" " tag="720">
      <subfield code="a">Alonso-Fernández, Sergio</subfield>
      <subfield code="e">author</subfield>
   </datafield>
   <datafield ind2=" " ind1=" " tag="260">
      <subfield code="c">2018-12-04T12:01:38Z</subfield>
   </datafield>
   <datafield ind2=" " ind1=" " tag="260">
      <subfield code="c">2018-12-04T12:01:38Z</subfield>
   </datafield>
   <datafield ind2=" " ind1=" " tag="260">
      <subfield code="c">2018-04</subfield>
   </datafield>
   <datafield ind2=" " ind1=" " tag="260">
      <subfield code="c">2018-12-04T12:01:38Z</subfield>
   </datafield>
   <datafield ind2=" " ind1=" " tag="520">
      <subfield code="a">Objetivo: describir la relevancia del déficit de vitamina D durante la gestación, así como sus consecuencias y sus factores de riesgo, y evaluar la necesidad de administración de suplementos para su tratamiento. Metodología: revisión bibliográfica de las bases de datos Turning Research Into Practice, Evidence-Based Nursing, Joanna Briggs Institute, Biblioteca Cochrane Plus, guías de la National Institute of Health and Care Excellence, PubMed, Índice Médico Español (IME), Cumulative Index to Nursing and Allied Health Literature (CINAHL), en inglés y español, y de la disponibilidad en la biblioteca desde la cual se hacía la consulta. La última búsqueda se efectuó en diciembre de 2017. Resultados: se obtuvo un total de 127 referencias bibliográficas, de las que 30 cumplían los criterios de selección. Se seleccionaron 26 artículos: 15 artículos originales, 5 revisiones bibliográficas y 6 guías de práctica clínica y protocolos de actuación. Conclusiones: la vitamina D es fundamental en todas las etapas de la vida de la mujer. El déficit de vitamina D en las gestantes es un hecho constatado en los estudios internacionales actuales. Se describe la necesidad de optimizar los niveles de vitamina D durante la gestación, dado que su déficit está relacionado con complicaciones importantes que pueden afectar tanto a la madre como al recién nacido, e incluso a la vida futura de ambos. No obstante, la necesidad, la seguridad y la eficacia de los suplementos de vitamina D administrados de manera sistemática y preventiva durante el embarazo es un tema no exento de controversia entre los profesionales, dado su potencial efecto tóxico. No se dispone de estudios que demuestren el beneficio de los suplementos de vitamina D a corto y largo plazo. Cabe destacar que no parecen tener un efecto teratogénico ni ser potencialmente nocivos para la gestante.</subfield>
   </datafield>
   <datafield tag="653" ind2=" " ind1=" ">
      <subfield code="a">Embaràs</subfield>
   </datafield>
   <datafield tag="653" ind2=" " ind1=" ">
      <subfield code="a">Vitamina D</subfield>
   </datafield>
   <datafield tag="653" ind2=" " ind1=" ">
      <subfield code="a">Avitaminosi</subfield>
   </datafield>
   <datafield tag="653" ind2=" " ind1=" ">
      <subfield code="a">Suplements nutritius</subfield>
   </datafield>
   <datafield tag="653" ind2=" " ind1=" ">
      <subfield code="a">Ressenyes sistemàtiques (Investigació mèdica)</subfield>
   </datafield>
   <datafield tag="653" ind2=" " ind1=" ">
      <subfield code="a">Pregnancy</subfield>
   </datafield>
   <datafield tag="653" ind2=" " ind1=" ">
      <subfield code="a">Vitamin D</subfield>
   </datafield>
   <datafield tag="653" ind2=" " ind1=" ">
      <subfield code="a">Avitaminosis</subfield>
   </datafield>
   <datafield tag="653" ind2=" " ind1=" ">
      <subfield code="a">Dietary supplements</subfield>
   </datafield>
   <datafield tag="653" ind2=" " ind1=" ">
      <subfield code="a">Systematic reviews (Medical research)</subfield>
   </datafield>
   <datafield ind2="0" ind1="0" tag="245">
      <subfield code="a">La vitamina D durante la gestación</subfield>
   </datafield>
</record></metadata></record></GetRecord></OAI-PMH>